Movies Quiz

Random Movies or Oscar Quiz

Twelve-Time & More Oscar Nominees Quiz Stats

 Plays Quiz not verified by Sporcle

Score 0/45 Timer 06:00
0 Plays Today
% Correct
The African Queen
94.6%
A Few Good Men
94%
As Good as It Gets
93.6%
The Devil Wears Prada
93.5%
Kramer vs. Kramer
93.4%
The Iron Lady
93.1%
Sophie's Choice
93.1%
One Flew Over the Cuckoo's Nest
92.8%
Julie & Julia
92.6%
Guess Who's Coming to Dinner
92.1%
About Schmidt
91.9%
The Bridges of Madison County
91.8%
On Golden Pond
91.5%
Out of Africa
91.5%
Chinatown
91.5%
The Deer Hunter
89.5%
Easy Rider
88%
Terms of Endearment
88%
The Lion in Winter
87.8%
August: Osage County
87.8%
Doubt
87.5%
Into the Woods
86.9%
The Philadelphia Story
86.7%
% Correct
The French Lieutenant's Woman
86.6%
Florence Foster Jenkins
86.5%
Woman of the Year
85.4%
Ironweed
85.3%
Adaptation.
85.2%
Prizzi's Honor
84.4%
Postcards from the Edge
84.2%
Ironweed
84.1%
Silkwood
83.7%
Five Easy Pieces
82.8%
Alice Adams
78.2%
Morning Glory
76.9%
A Cry in the Dark
76.4%
Suddenly, Last Summer
76.4%
Music of the Heart
76.1%
Long Day's Journey Into Night
75.6%
Reds
74.2%
Summertime
74%
The Post
72.6%
One True Thing
64.6%
The Last Detail
63.5%
The Rainmaker
59.2%

You're not logged in!

Compare scores with friends on all Sporcle quizzes.
OR
Log In

Sporcle TV

Today on Sporcle TV


Watch our educational content, quiz creation guides, and fun videos on Sporcle TV.

Show Comments

Extras

Top Quizzes Today


Score Distribution

Your Account Isn't Verified!

In order to create a playlist on Sporcle, you need to verify the email address you used during registration. Go to your Sporcle Settings to finish the process.

Report this User

Report this user for behavior that violates our Community Guidelines.

Details: